000 01130cam a2200301 i 4500
001 768714001
003 CO-MdFUSB
005 20230615103923.0
007 ta
008 230615t1988 -cr||||| |||| 00| | spa d
040 _bspa.
_aCO-MdFUSB
_cCO-MdFUSB
_dCO-MdFUSBC
_erda
041 _aspa
082 0 4 _223
_aG 261.21
_bW968m
100 1 _aWurmbrand, Richard
_eautor
245 1 0 _aEl Marx desconocido
_c/ Richard Wurmbrand ; traducido por René Cueto
264 1 _aCosta Rica :
_bLa voz de los mártires,
_c[1988]
264 4 _c© 1988
300 _a187 páginas
_c; 18 cm
336 _atexto
_btxt
_2rdacontent
337 _2rdamedia
_asin mediación
_bn
338 _2rdacarrier
_avolumen
_bnc
505 _aLealtades cambiadas -- contra todos los dioses -- fe arruinada -- demasiado tarde -- un engaño cruel -- una guerra espiritual -- Marx, Darwin y la revolucion -- ángeles de luz -- ¿A quién serviremos? -- ¿Marx o Cristo? -- ¿Puede el comunismo ser cristiano?
563 _aRustico
650 7 _2embne
_97279
_aÉtica comunista
700 _98341
_aCueto, René
_etraductor
942 _cBK
945 _aMag1104
999 _c37051
_d37051